[Event "Sochi Doroshkevich Amateur op"]
[Site "Sochi"]
[Date "2017.12.28"]
[Round "9"]
[White "Stukan, Martin"]
[Black "Bogachkov, Vladislav"]
[Result "1/2-1/2"]
[WhiteElo "2233"]
[BlackElo "2099"]
[PlyCount "128"]
[EventDate "2017.12.21"]
[EventType "swiss"]
[EventRounds "9"]
[EventCountry "RUS"]
[SourceTitle "CBM 182 Extra"]
[Source "ChessBase"]
[SourceDate "2018.02.23"]
[SourceVersion "1"]
[SourceVersionDate "2018.02.23"]
[SourceQuality "1"]

1. d4 d5 2. c4 c6 3. Nf3 Nf6 4. g3 Bg4 5. Ne5 Bf5 6. Nc3 e6 7. Bg2 Nbd7 8. 0-0 Be7 9. Qb3 Qb6 10. Nxd7 Nxd7 11. e4 Qxb3 12. axb3 dxe4 13. Nxe4 Nf6 14. Nc5 Bxc5 15. dxc5 Nd7 16. Be3 a6 17. b4 0-0 18. f4 Rad8 19. Rfd1 Nb8 20. Rd6 Bd3 21. Rc1 b5 22. cxb5 Bxb5 23. Bf1 Rd7 24. Bxb5 axb5 25. Ra1 Re8 26. Ra8 Rc7 27. Bd4 f6 28. g4 Kf7 29. Kf2 Rf8 30. h4 Nd7 31. Ra6 Rfc8 32. Ra1 e5 33. fxe5 fxe5 34. Bc3 Nf6 35. Kf3 Re8 36. g5 e4+ 37. Ke2 Nd5 38. Rf1+ Kg8 39. h5 Rf8 40. g6 hxg6 41. hxg6 Rxf1 42. Kxf1 Kf8 43. Rd8+ Ke7 44. Rg8 Ke6 45. Bxg7 Nf6 46. Bxf6 Kxf6 47. Ke2 Ra7 48. Rc8 Ra6 49. Ke3 Kxg6 50. Kxe4 Kf6 51. Rc7 Ke6 52. Kd4 Kf6 53. b3 Ke6 54. Rh7 Ra1 55. Rh6+ Kd7 56. Rh7+ Kc8 57. Ke5 Rd1 58. Rh4 Kc7 59. Rh7+ Kc8 60. Rh6 Kc7 61. Rh4 Re1+ 62. Re4 Rd1 63. Re3 Rd5+ 64. Ke4 Rd1 1/2-1/2

[Event "Sochi Doroshkevich Amateur op"]
[Site "Sochi"]
[Date "2017.12.27"]
[Round "8"]
[White "Bogachkov, Vladislav"]
[Black "Gharagyozyan, Artur"]
[Result "1-0"]
[WhiteElo "2099"]
[BlackElo "2148"]
[PlyCount "85"]
[EventDate "2017.12.21"]
[EventType "swiss"]
[EventRounds "9"]
[EventCountry "RUS"]
[SourceTitle "CBM 182 Extra"]
[Source "ChessBase"]
[SourceDate "2018.02.23"]
[SourceVersion "1"]
[SourceVersionDate "2018.02.23"]
[SourceQuality "1"]

1. d4 Nf6 2. Nf3 d5 3. c4 e6 4. Qc2 Nbd7 5. Bf4 c6 6. Nc3 Be7 7. e3 0-0 8. h3 a6 9. c5 b6 10. cxb6 Qxb6 11. Be2 c5 12. 0-0 cxd4 13. Na4 Qa7 14. exd4 Bb7 15. Rfc1 a5 16. Qd3 Rac8 17. Qb5 Rxc1+ 18. Rxc1 Rc8 19. Rxc8+ Bxc8 20. Qc6 Bb7 21. Qc7 Qa8 22. Bb5 Bd8 23. Qd6 Bc8 24. Ne5 Ne4 25. Qc6 Qxc6 26. Nxc6 g5 27. f3 gxf4 28. fxe4 Bh4 29. Na7 Nf6 30. Nxc8 dxe4 31. Nc3 e3 32. Be2 a4 33. Bf3 Kg7 34. Ne2 e5 35. dxe5 Bf2+ 36. Kf1 Nd7 37. e6 fxe6 38. Nxf4 Nc5 39. Ke2 e5 40. Nd3 Na6 41. Bb7 Nc7 42. Nxf2 exf2 43. Kxf2 1-0

[Event "Sochi Doroshkevich Amateur op"]
[Site "Sochi"]
[Date "2017.12.26"]
[Round "7"]
[White "Vaseptsov, Maxim"]
[Black "Bogachkov, Vladislav"]
[Result "1/2-1/2"]
[WhiteElo "2296"]
[BlackElo "2099"]
[PlyCount "129"]
[EventDate "2017.12.21"]
[EventType "swiss"]
[EventRounds "9"]
[EventCountry "RUS"]
[SourceTitle "CBM 182 Extra"]
[Source "ChessBase"]
[SourceDate "2018.02.23"]
[SourceVersion "1"]
[SourceVersionDate "2018.02.23"]
[SourceQuality "1"]

1. e4 c6 2. d4 d5 3. e5 Bf5 4. Nd2 e6 5. Nb3 c5 6. dxc5 Bxc5 7. Nxc5 Qa5+ 8. c3 Qxc5 9. Nf3 Qc7 10. Bd3 Ne7 11. Bf4 Nbc6 12. 0-0 0-0 13. Re1 Rac8 14. Qe2 Na5 15. Nd4 Bxd3 16. Qxd3 a6 17. h4 Qc4 18. Qg3 Nac6 19. Bh6 Ng6 20. Be3 Nxd4 21. Bxd4 Ne7 22. h5 Nf5 23. Qf4 Nxd4 24. cxd4 h6 25. Re3 Qc2 26. Rae1 Qd2 27. R1e2 Qd1+ 28. Re1 Qxh5 29. Rg3 Kh7 30. Rh3 Qf5 31. Qxf5+ exf5 32. Rb3 b5 33. Ra3 Rc6 34. Ra5 Rd8 35. a4 bxa4 36. Rxa4 Rb8 37. Re2 Rb5 38. g3 Kg8 39. Kg2 Kf8 40. b4 g6 41. Rea2 Rcb6 42. Ra5 Ke7 43. f4 Rxa5 44. Rxa5 Rxb4 45. Rxd5 Rb2+ 46. Kf3 Rb3+ 47. Kg2 Rb2+ 48. Kf3 Rb3+ 49. Kg2 Rd3 50. Kf2 h5 51. Kg2 a5 52. Rxa5 Rxd4 53. Ra7+ Rd7 54. Ra6 Rb7 55. Kh3 Rb2 56. Ra7+ Kf8 57. Ra8+ Kg7 58. Ra7 Re2 59. Rb7 h4 60. g4 Re4 61. gxf5 gxf5 62. Kxh4 Rxf4+ 63. Kg5 Rg4+ 64. Kxf5 Rg6 65. Ke4 1/2-1/2

[Event "Sochi Doroshkevich Amateur op"]
[Site "Sochi"]
[Date "2017.12.24"]
[Round "4"]
[White "Bogachkov, Vladislav"]
[Black "Zlydneva, Daria"]
[Result "1-0"]
[WhiteElo "2099"]
[BlackElo "1918"]
[PlyCount "45"]
[EventDate "2017.12.21"]
[EventType "swiss"]
[EventRounds "9"]
[EventCountry "RUS"]
[SourceTitle "CBM 182 Extra"]
[Source "ChessBase"]
[SourceDate "2018.02.23"]
[SourceVersion "1"]
[SourceVersionDate "2018.02.23"]
[SourceQuality "1"]

1. e4 c5 2. f4 e6 3. Nf3 Nc6 4. Bb5 Nge7 5. 0-0 Qb6 6. Be2 d5 7. d3 g6 8. c4 Bg7 9. Nc3 0-0 10. Rf2 dxe4 11. dxe4 Rd8 12. Qe1 Nd4 13. Bf1 Nec6 14. e5 f6 15. Nxd4 cxd4 16. Ne4 fxe5 17. fxe5 Bxe5 18. Bg5 Rf8 19. Rxf8+ Kxf8 20. Qf2+ Kg7 21. Bh6+ Kxh6 22. Qf8+ Bg7 23. Qf4+ 1-0

[Event "Krasnodar Region Cup"]
[Site "Krasnodar"]
[Date "2013.01.23"]
[Round "1"]
[White "Verkholantsev, Sergey"]
[Black "Bogachkov, Vladislav"]
[Result "0-1"]
[WhiteElo "1768"]
[BlackElo "2120"]
[PlyCount "48"]
[EventDate "2013.01.23"]
[EventType "swiss"]
[EventRounds "8"]
[EventCountry "RUS"]
[SourceTitle "EXT 2023"]
[Source "ChessBase"]
[SourceDate "2022.10.05"]
[SourceVersion "1"]
[SourceVersionDate "2022.10.05"]
[SourceQuality "1"]

1. e4 c6 2. Nc3 d5 3. Nf3 dxe4 4. Nxe4 Nf6 5. Nxf6+ exf6 6. d4 Bd6 7. Bc4 0-0 8. 0-0 Bg4 9. d5 Qc7 10. h3 Bh5 11. Qd3 Bg6 12. Qb3 Nd7 13. Be3 Nb6 14. Bxb6 axb6 15. Nd4 Bc5 16. Rad1 Rfe8 17. Nf3 b5 18. Bd3 Bh5 19. dxc6 Bxf3 20. gxf3 Qg3+ 21. Kh1 Qxh3+ 22. Kg1 Re5 23. f4 Qg4+ 24. Kh2 Rh5# 0-1

[Event "Doroshkevich Memorial op"]
[Site "Sochi"]
[Date "2012.11.26"]
[Round "1"]
[White "Bogachkov, Vladislav"]
[Black "Malaniuk, Vladimir P"]
[Result "0-1"]
[WhiteElo "2082"]
[BlackElo "2514"]
[PlyCount "77"]
[EventDate "2012.11.26"]
[EventType "swiss"]
[EventRounds "9"]
[EventCountry "RUS"]
[SourceTitle "EXT 2014"]
[Source "ChessBase"]
[SourceDate "2013.11.20"]
[SourceVersion "1"]
[SourceVersionDate "2013.11.20"]
[SourceQuality "1"]

1. d4 f5 2. Nf3 Nf6 3. c4 g6 4. g3 Bg7 5. Bg2 0-0 6. 0-0 d6 7. Nc3 Qe8 8. Re1 Qf7 9. Qd3 Nc6 10. Ng5 Nb4 11. Nxf7 Nxd3 12. Nh6+ Bxh6 13. Bxh6 Nxe1 14. Bxf8 Kxf8 15. Rxe1 c6 16. e4 fxe4 17. Nxe4 Bd7 18. Re3 Rc8 19. h4 Rc7 20. Nxf6 exf6 21. Ra3 a6 22. b4 Be6 23. Rc3 g5 24. a3 h6 25. Be4 gxh4 26. Rf3 hxg3 27. Rxf6+ Ke7 28. Rxh6 gxf2+ 29. Kxf2 Bxc4 30. Ke3 Bf7 31. Bf5 b5 32. Bg6 Bxg6 33. Rxg6 Rc8 34. Ke4 Rh8 35. Rg7+ Kf6 36. Rc7 Rh4+ 37. Kd3 Rh3+ 38. Ke4 Rc3 39. Ra7 0-1

[Event "Krasnodar Winter A Rating"]
[Site "Krasnodar"]
[Date "2011.01.27"]
[Round "6"]
[White "Bogachkov, Vladislav"]
[Black "Sluzhilov, Aleksandr"]
[Result "0-1"]
[WhiteElo "1959"]
[BlackElo "2041"]
[PlyCount "58"]
[EventDate "2011.01.24"]
[EventType "tourn"]
[EventRounds "13"]
[EventCountry "RUS"]
[SourceTitle "EXT 2022"]
[Source "ChessBase"]
[SourceDate "2021.10.06"]
[SourceVersion "1"]
[SourceVersionDate "2021.10.06"]
[SourceQuality "1"]

1. d4 c5 2. d5 Nf6 3. Nc3 e5 4. e4 d6 5. h3 Be7 6. Nf3 0-0 7. Be2 b6 8. 0-0 Na6 9. Be3 Nc7 10. a4 a6 11. Nd2 Bd7 12. Nc4 Rb8 13. Nxe5 dxe5 14. d6 Nfe8 15. dxe7 Qxe7 16. f4 Rd8 17. Qe1 Bc6 18. fxe5 Qxe5 19. a5 b5 20. Rf5 Qe6 21. Bg4 Nf6 22. Bxc5 Nxg4 23. hxg4 Rfe8 24. Qf2 Qg6 25. Rf1 Rd7 26. Qg3 f6 27. g5 Ne6 28. Be3 Nd4 29. Bxd4 Rxd4 0-1

[Event "Nebug op"]
[Site "Nebug"]
[Date "2011.01.13"]
[Round "8"]
[White "Tletseri, Marziet"]
[Black "Bogachkov, Vladislav"]
[Result "0-1"]
[WhiteElo "1952"]
[BlackElo "1959"]
[PlyCount "132"]
[EventDate "2011.01.06"]
[EventType "swiss"]
[EventRounds "9"]
[EventCountry "RUS"]
[SourceTitle "CBM 140 Extra"]
[Source "ChessBase"]
[SourceDate "2011.03.01"]
[SourceVersion "1"]
[SourceVersionDate "2011.03.01"]
[SourceQuality "1"]

1. e4 c6 2. Nc3 d5 3. Nf3 Bg4 4. exd5 cxd5 5. d4 Nc6 6. Be3 Nf6 7. h3 Bf5 8. Nh4 Bg6 9. Nxg6 hxg6 10. Be2 e6 11. 0-0 Bd6 12. a3 a6 13. Bd3 Qc7 14. f4 0-0-0 15. b4 Nxb4 16. Nb5 axb5 17. axb4 Bxb4 18. Ra8+ Kd7 19. Bxb5+ Ke7 20. Ra4 Bd6 21. c4 dxc4 22. Rxc4 Qa5 23. Qe2 Nd5 24. Ra4 Qb6 25. Bd2 Ra8 26. Rfa1 Rxa4 27. Rxa4 Nc7 28. Bd3 Ra8 29. Rxa8 Nxa8 30. Qe3 Kf8 31. Be4 Nc7 32. Qc3 Kg8 33. Qc4 Qa6 34. Qxa6 bxa6 35. Bb7 Nd5 36. Bxa6 Bxf4 37. Bxf4 Nxf4 38. Kf2 Nd5 39. Kf3 Kf8 40. Bc4 Ke7 41. Ke4 Kd6 42. g3 Ne7 43. Bb5 Nf5 44. g4 Nh4 45. Bc4 g5 46. Bf1 f6 47. Bc4 Ng6 48. Bb5 Ne7 49. Bc4 Nd5 50. Bd3 g6 51. Bc4 f5+ 52. gxf5 gxf5+ 53. Kf3 Ke7 54. Bf1 Kf6 55. Bb5 Nc7 56. Bc4 Ne8 57. Bb5 Nd6 58. Bd3 Kg6 59. Be2 Ne4 60. Ke3 Nc3 61. Bc4 Nd5+ 62. Bxd5 exd5 63. Kf3 Kh5 64. Kg3 f4+ 65. Kg2 Kh4 66. Kh2 f3 0-1

[Event "Krasnodar 11"]
[Site "Krasnodar"]
[Date "2009.09.20"]
[Round "8"]
[White "Bogachkov, Vladislav"]
[Black "Rekin, Ivan"]
[Result "1-0"]
[WhiteElo "1856"]
[BlackElo "1878"]
[PlyCount "109"]
[EventDate "2009.09.12"]
[EventType "tourn"]
[EventRounds "9"]
[EventCountry "RUS"]
[SourceTitle "EXT 2012"]
[Source "ChessBase"]
[SourceDate "2011.11.24"]
[SourceVersion "1"]
[SourceVersionDate "2011.11.24"]
[SourceQuality "1"]

1. d4 d5 2. c4 e6 3. Nc3 Nf6 4. cxd5 exd5 5. Bg5 Be7 6. Nf3 c6 7. e3 Nbd7 8. Bd3 0-0 9. 0-0 Re8 10. Qc2 Nf8 11. Rab1 Ne4 12. Bxe7 Qxe7 13. b4 Ng6 14. b5 Bd7 15. Bxe4 dxe4 16. Nd2 cxb5 17. Nxb5 Rac8 18. Nc3 b5 19. Qb2 Qh4 20. Ne2 Qg5 21. Rfc1 Qg4 22. Ng3 Rxc1+ 23. Rxc1 h5 24. Ngxe4 Nh4 25. Ng3 Nxg2 26. Kxg2 h4 27. d5 hxg3 28. hxg3 Qh3+ 29. Kg1 Bf5 30. Qd4 Qh5 31. Re1 a5 32. Qh4 Qxh4 33. gxh4 Be4 34. Nxe4 Rxe4 35. f4 Kf8 36. Kf2 Ke7 37. Kf3 f5 38. Rg1 Kd6 39. Rxg7 Kxd5 40. h5 Re6 41. Rg5 Kc4 42. Rxf5 a4 43. Rf8 b4 44. f5 Rb6 45. Rd8 b3 46. axb3+ axb3 47. Rd1 b2 48. Rb1 Kd5 49. Kf4 Rb4+ 50. Kg5 Ke4 51. h6 Rb7 52. Kg6 Ke5 53. h7 Rb8 54. Rxb2 Rxb2 55. h8Q+ 1-0